Забайкалье - золотая моя колыбель (Запись № 531767)

Подробности
000 -МАРКЕР
контрольное поле 01770nam0a2200373 4500
001 - ИДЕНТИФИКАТОР ЗАПИСИ
контрольное поле RU\NLR\bibl\1005521
005 - ИДЕНТИФИКАТОР ВЕРСИИ
контрольное поле 20260531061424.0
010 ## - МЕЖДУНАРОДНЫЙ СТАНДАРТНЫЙ НОМЕР КНИГИ (ISBN)
Номер (ISBN) 5-7620-1056-2
Тираж 6300
021 ## - НОМЕР ГОСУДАРСТВЕННОЙ РЕГИСТРАЦИИ
Код страны Российская Федерация
Номер 2006-60711
Номер Листа государственной регистраци 3019
035 ## - ДРУГИЕ СИСТЕМНЫЕ НОМЕРА
Идентификатор записи (NLR Aleph) 000993183
100 ## - ДАННЫЕ ОБЩЕЙ ОБРАБОТКИ
Данные общей обработки 20061110d2005 |||y0rusy50 ca
101 0# - ЯЗЫК РЕСУРСА
Язык текста, звукозаписи и т.д. русский
102 ## - СТРАНА ПУБЛИКАЦИИ ИЛИ ПРОИЗВОДСТВА
Страна публикации Российская Федерация
105 ## - ПОЛЕ КОДИРОВАННЫХ ДАННЫХ: ТЕКСТОВЫЕ МАТЕРИАЛЫ, МОНОГРАФИЧЕСКИЕ
Кодированные данные о монографическом текстовом документе a |||||||||
200 1# - ЗАГЛАВИЕ И СВЕДЕНИЯ ОБ ОТВЕТСТВЕННОСТИ
Основное заглавие Забайкалье - золотая моя колыбель
Сведения, относящиеся к заглавию [сказки, легенды, были, сказания
Первые сведения об ответственности Межрегион. ассоц. "Сиб. соглашение", Администрация Чит. обл.
Последующие сведения об ответственности ред.-сост. Куренная Е.Ф.
-- худож. Пинигина С.С.]
210 ## - ПУБЛИКАЦИЯ, РАСПРОСТРАНЕНИЕ И ДР.
Место издания, распространения и т.д. Новосибирск
Имя издателя, распространителя и т. д. Новосибирское книжное издательство
Дата издания, распространения и т.д. 2005
215 ## - ФИЗИЧЕСКАЯ ХАРАКТЕРИСТИКА
Специфическое обозначение материала и объем 297,[7] с.
Другие сведения о физической характеристике цв. ил.
Размеры 24
225 1# - СЕРИЯ
Основное заглавие серии Сказы народов Сибири
606 1# - НАИМЕНОВАНИЕ ТЕМЫ КАК ПРЕДМЕТ
Наименование темы Народная проза русская
Географический подзаголовок Забайкалье
Системный номер авторитетной/нормативной записи 2454370
Идентификатор авторитетной/нормативной записи RU\NLR\auth\661459014
606 1# - НАИМЕНОВАНИЕ ТЕМЫ КАК ПРЕДМЕТ
Наименование темы Эвенкийский фольклор
Системный номер авторитетной/нормативной записи 1395803
Идентификатор авторитетной/нормативной записи RU\NLR\auth\66274168
606 1# - НАИМЕНОВАНИЕ ТЕМЫ КАК ПРЕДМЕТ
Наименование темы Бурятский фольклор
Системный номер авторитетной/нормативной записи 1202966
Идентификатор авторитетной/нормативной записи RU\NLR\auth\66168952
686 ## - ИНДЕКСЫ ДРУГИХ КЛАССИФИКАЦИЙ
Индекс Ш3(2=1Р)-615.0-99
686 ## - ИНДЕКСЫ ДРУГИХ КЛАССИФИКАЦИЙ
Индекс Ш3(251.7=Бу)-6я43
686 ## - ИНДЕКСЫ ДРУГИХ КЛАССИФИКАЦИЙ
Индекс Ш3(251.1=Э)-6я43
702 #1 - ИМЯ ЛИЦА - ВТОРИЧНАЯ ОТВЕТСТВЕННОСТЬ
Код отношения Составитель
Материалы, к которым относится поле rus
Графика поля Кириллица
Начальный элемент ввода Куренная-Берцик
Часть имени, кроме начального элемента ввода Е. Ф.
Расширение инициалов личного имени Елена Федоровна
Идентификатор авторитетной/нормативной записи RU\NLR\auth\7731378
Системный номер авторитетной/нормативной записи 14388
702 #1 - ИМЯ ЛИЦА - ВТОРИЧНАЯ ОТВЕТСТВЕННОСТЬ
Начальный элемент ввода Пинигина
Часть имени, кроме начального элемента ввода С. С.
Код отношения Иллюстратор
712 02 - НАИМЕНОВАНИЕ ОРГАНИЗАЦИИ - ВТОРИЧНАЯ ОТВЕТСТВЕННОСТЬ
Код отношения Прочие
Начальный элемент ввода "Сибирское соглашение", межрегиональная ассоциация
Идентификатор авторитетной/нормативной записи RU\NLR\AUTH\889923074
Системный номер авторитетной/нормативной записи 342089
801 #0 - ИСТОЧНИК ЗАПИСИ
Страна Российская Федерация
Организация NLR
Дата составления 20061110
Правила каталогизации rcr
801 #1 - ИСТОЧНИК ЗАПИСИ
Страна Российская Федерация
Организация NLR
Дата составления 20061110
942 ## - ДОПОЛНИТЕЛЬНЫЕ ЭЛЕМЕНТЫ ЗАПИСИ (АБИС)
Тип экземпляра АБИС Книга
980 ## - КОЛЛЕКЦИЯ
Название коллекции Национальная библиография
Экземпляры
Тип экземпляра Дата поступления Источник поступления Библиотека постоянного хранения Библиотека текущего хранения Место хранения Шифр хранения Штрих-код Статус экземпляра
Книга 10.11.2006 Обязательный экземпляр РНБ (Московский) РНБ (Московский) Русский книжный фонд: издания с 1957 года 2006-7/5538 2295606  
Книга 10.11.2006 Обязательный экземпляр РНБ (Московский) РНБ (Московский) Русский книжный фонд: издания с 1957 года 2006-7/5538 2295607